000 01431nam0a22003371 4500
001 rc\1848695
005 20260510063133.0
035 _a(NLR Aleph) 005285150
090 _a6136697
_c6136698
100 _a20080221d1909 |||y0rusy50 ca
101 1 _arus
_cger
102 _aRU
105 _aa z |||||
200 1 _aКнига песен Г. Гейне
_eВ пер. рус. писателей
_fПод ред. П.В. Быкова
_gС многочисл. ил. П. Тумана
210 _aСанкт-Петербург
_cА.А. Каспари
_d[1909]
215 _a156 с.
_cил.
_d23
300 _aИзд. вышло в 2 вып.
311 _aБеспл. прил. журн. "Родина"
422 0 _12001#$aРодина
_tРодина
532 1 0 _aКнига песен Генриха Гейне
700 1 _8rus
_7ca
_aГейне
_bГ.
_f1797-1856
_gГенрих
_3RU\NLR\AUTH\7718910
_91986
702 1 _4340
_8rus
_7ca
_aБыков
_bП. В.
_cписатель
_f1843-1930
_gПетр Васильевич
_3RU\NLR\AUTH\7755574
_938506
702 1 _4440
_8rus
_7ca
_aТуманн
_bП.
_cхудожник
_f1834-1908
_gПауль
_3RU\NLR\AUTH\7774466
_957394
801 0 _aRU
_bNLR
_c20080221
_gpsbo
801 0 _aRU
_bRuMoRGB
_c20080221
_2psbo
801 1 _aRU
_bProSoft-M
_c20080221
_2rusmarc
801 2 _aRU
_bNLR
_c20130417
_2rusmarc
852 _aNLR
_j38.80.4.210(вып. 1-2)
852 _aNLR
_j131/2106
942 _cBOOK
980 _aNB